Framework process patterns: lessons learned developing application frameworks

Gardado en:
Detalles Bibliográficos
Main Authors: Carey, James (Author), Carlson, Brent (Author)
Formato: Libro
Idioma:inglés
Publicado: Indianápolis Pearson Education 2002
Subjects:
Tags: Engadir etiqueta
Sen Etiquetas, Sexa o primeiro en etiquetar este rexistro!

MARC

LEADER 00000nam a2200000 a 4500
001 UCL2656
003 CL-VaPUC
008 031031e20020000US |||||||||||||||||eng|d
020 |a 0201731320 
082 0 4 |a 005.117  |b CAR  |2 21 
100 0 |a Carey, James  |e author  |9 479772 
700 0 |a Carlson, Brent  |e author  |9 479773 
245 1 0 |a Framework process patterns: lessons learned developing application frameworks 
300 |a 231 p 
942 |c BK 
945 |d 20031031 00:00:00  |a cmena 
260 |a Indianápolis  |b Pearson Education  |c 2002 
650 0 |a Programación orientada al objeto  |9 387863 
650 0 |a Diseño de software  |9 451623 
583 |a last modification  |c 20031031 00:00:00  |k Rodrigo Vera 
999 |c 305908  |d 305906 
952 |0 0  |1 0  |4 0  |6 005_117000000000000_CAR_2002  |7 0  |8 A  |9 370466  |a BIBING  |b BIBING  |d 2019-11-21  |i 3954072  |o 005.117 CAR 2002  |p 3954072  |r 2025-01-20  |w 2019-11-21  |y BK  |k EII